Autobiografía /
Bewaard in:
| Hoofdauteur: | |
|---|---|
| Formaat: | Boek |
| Taal: | Spaans |
| Gepubliceerd in: |
México :
Joaquín Mortiz : CONACULTA,
2002, c2002
|
| Reeks: | (Ronda de Clásicos Mexicanos)
|
| Onderwerpen: | |
| Tags: |
Geen labels, Wees de eerste die dit record labelt!
|
MARC
| LEADER | 00000nam^a2200000^a^4500 | ||
|---|---|---|---|
| 001 | 000381991 | ||
| 005 | 20250521000000.0 | ||
| 009 | 20260310120719.377 | ||
| 020 | |a 968-27-0848-6 | ||
| 025 | |a Donación Juan Diego Castillo, 1 ejemplar | ||
| 037 | |a Acervo ITESO - Biblioteca | ||
| 041 | |a ESP | ||
| 082 | |a 759. 97206 |b ORO AUT | ||
| 100 | |a Orozco, José Clemente |e (autor) | ||
| 240 | 1 | 1 | |a [Autobiografía de José Clemente Orozco] |
| 245 | 1 | 0 | |a Autobiografía / |c J.C. Orozco. |
| 264 | 4 | |a México : |b Joaquín Mortiz : |b CONACULTA, |c 2002, c2002 | |
| 300 | |a 116 p. | ||
| 336 | |a texto |b txt |2 rdacontenido | ||
| 337 | |a sin mediación |b n |2 rdamedio | ||
| 338 | |a volumen |b nc |2 rdasoporte | ||
| 440 | 1 | |a (Ronda de Clásicos Mexicanos) | |
| 545 | 0 | |a José Clemente Orozco (Zapotlán, 1883 - México, 1949) constituye, con Rivera y Siqueiros, el gran trío de la pintura mural mexicana, cuya propuesta estética, arraigada en el nacionalismo posrevolucionario, transformó la plástica del país. Autor de una obra de gran fuerza, donde expresa su sentido trágico de la vida, Orozco es creador de murales mundialmente famosos, como los del Instituto Cultural Cabañas y el Paraninfo de la Universidad de Guadalajara o los del Colegio de San Ildefonso en la ciudad de México. | |
| 649 | |a XX | ||
| 650 | |a Pintores Jaliscienses - |x Memorias | ||
| 650 | |a Pintores Mexicanos - |x Memorias | ||
| 650 | |a Artistas Jaliscienses - |x Memorias | ||
| 650 | |a Artistas Mexicanos - |x Memorias | ||
| 650 | |a Memorias Jaliscienses | ||
| 650 | |a Memorias Mexicanas | ||
| 650 | |a Nacionalismo en la Pintura - |z Jalisco - |x Historia y Crítica | ||
| 650 | |a Nacionalismo en la Pintura - |z México - |x Historia y Crítica | ||
| 650 | |a Nacionalismo en el Arte - |z Jalisco - |x Historia y Crítica | ||
| 650 | |a Nacionalismo en el Arte - |z México - |x Historia y Crítica | ||
| 650 | |a Pintura Mural - |z Jalisco - |x Historia y Crítica | ||
| 650 | |a Pintura Mural - |z México - |x Historia y Crítica | ||
| 650 | |a Pintura Jalisciense - |x Historia y Crítica | ||
| 650 | |a Pintura Jalisciense - |y Siglo XX | ||
| 650 | |a Pintura Mexicana - |x Historia y Crítica | ||
| 650 | |a Pintura Mexicana - |y Siglo XX | ||
| 650 | |a Arte Jalisciense - |x Historia y Crítica | ||
| 650 | |a Arte Jalisciense - |y Siglo XX | ||
| 650 | |a Arte Mexicano - |x Historia y Crítica | ||
| 650 | |a Arte Mexicano - |y Siglo XX | ||
| 650 | |a Orozco, José Clemente - |x Tema Principal | ||
| 910 | |a Fondo Castillo-Martínez | ||
| 920 | |a Impresos - Libros | ||
| 930 | |a Fondos Especiales | ||
| 905 | |a 127 | ||
| 901 | |a 0500276958 |b IT2 |c ESP |i D |u 20250521 | ||
| 902 | |a https://opac.biblio.iteso.mx/vufind/Record/000381991 | ||